Ganancias de los establos de Fórmula 1 - Estadísticas

Estadísticas generales
  • Esta prueba ha sido intentada 236 veces
  • La puntuación promedio es 12 de 34
Estadísticas de respuestas
Hint Respuesta % Correcto
229 Ferrari
99%
182 McLaren
98%
75 Mercedes
97%
55 Red Bull
96%
114 Williams
92%
- Renault
87%
81 Lotus
70%
10 Alfa Romeo
59%
- Toro Rosso
54%
27 Benetton
51%
8 Brawn
48%
- Honda
43%
35 Brabham
34%
4 Jordan
32%
- Maserati
27%
23 Tyrrell
27%
1 Porsche
21%
- BMW Sauber
17%
9 Vanwall
16%
16 Cooper
15%
- Matra
15%
17 BRM
14%
- Ligier
14%
- Stewart
12%
- March
5%
- Hesketh
4%
- Penske
4%
- Shadow
3%
5 Kurtis Kraft
2%
3 Wolf
2%
- Eagle
1%
2 Epperly
1%
- Kuzma
1%
- Watson
1%
No se encontraron pruebas coincidentes
Distribución de puntuación
Porcentaje de gente con cada puntuación
Porcentaje por número respondido
Historial de tus puntuaciones
No has intentado esta prueba.